000 00323nam a2200121Ia 4500
005 20260328104259.0
008 260328s9999||||xx |||||||||||||| ||und||
100 _aArraz, Felix
245 0 _aBienal Internacional de Arquitectura en Argentina /
_cFelix Arraz
260 _bPrincipios
650 _aARQUITECTURA
942 _cBK
999 _c10567
_d10567